| 000 | 00663cam a2200265 4500 | ||
|---|---|---|---|
| 001 | M97517 | ||
| 008 | 090401t1998 xxu||||| |||| 00| 0 eng d | ||
| 035 | _a(Sirsi) u92194 | ||
| 041 | _aeng | ||
| 050 | _a658.11440951 | ||
| 100 | _aLuo, Jun | ||
| 245 | _aSino-foreign joint ventures. | ||
| 260 |
_aAscot, Berks. _bCIOB _c1998 |
||
| 300 | _a5p. ; 30cm. | ||
| 350 | _a0 | ||
| 490 |
_aConstruction Papers _v96 |
||
| 650 | _aCHINA | ||
| 650 | _aCONSTRUCTION COMPANIES | ||
| 650 | _aJOINT VENTURES | ||
| 690 | _aBUILT ENVIRONMENT | ||
| 700 | _aGale, Andrew | ||
| 710 |
_aThe Chartered Institute of Building _92131 |
||
| 942 | _n0 | ||
| 948 | _c18/03/1999 | ||
| 999 |
_c97729 _d97729 |
||